| 000 | 00763nam a22002297a 4500 | ||
|---|---|---|---|
| 005 | 20171113101509.0 | ||
| 010 | _aENG-121255 | ||
| 020 | _c500.00 | ||
| 035 | _aEN-104787 | ||
| 037 | _bDBAD/PUB | ||
| 082 | _a020.2854 | ||
| 245 |
_aNational conference on public libraries in the knowledge societies : _c edited by L.S.Ramaiah ...[et.al] _b9-11 july, 2010, Hyderabad / |
||
| 260 |
_aVijyawada _bAndhra Pradesh Association _c2010 |
||
| 270 |
_aSri Sarvottama Bhavanam, _bVijyawada _e52010 |
||
| 300 |
_a472p. : _c22cm(pbk) _bill. |
||
| 490 | _a39th andhra pradesh library conference | ||
| 700 | _a L.S.Ramaiah | ||
| 700 | _aRao, M.Koteswara | ||
| 700 | _aVeeranjaneyulu, K. | ||
| 700 | _aSarada,Raavi | ||
| 942 |
_2ddc _cEN _h020.2854 _mNAT |
||
| 999 |
_c147216 _d147216 |
||